000 00737 a2200193 4500
999 _c741
_d741
020 _a9241541482 (pbk.) :
050 0 0 _aRA427 MCM 1980
100 1 _aMcMahon, Rosemary.
245 1 0 _aOn being in charge :
_ba guide for middle-level management in primary health care /
_cby Rosemary McMahon, Elizabeth Barton & Maurice Piot ; in collaboration with Naomi Gelina & Felton Ross.
264 _aGeneva
_bWorld Health Oranisation
_c1980
300 _a366 p. :
_bill. ;
500 _aPrimary Health Care
504 _aIncludes bibliographical references.
650 0 _aPrimary health care
_xAdministration.
700 1 _aBarton, Elizabeth.
700 1 _aPiot, Maurice.
710 2 _aWorld Health Organization.
942 _2lcc
_cBK
_h427
_iMCM
_k1980